000
00243 a2200097 4500
001
59714
100
_a
245
_a
Switching function:Analysis of power electronic circuits
260
_a
U K
_b
MPG books
_c
2006
090
_c
36595
_d
36595
942
_a
NUST-CAE
_c
29552
_c
MONOGRAPH
999
_c
294787
_d
294787